On This Day: July 3rd Quiz Stats

 Plays Quiz Updated Jul 3, 2017

Support Sporcle.
Go Orange.
Score 0/7 Timer 03:00
2 Plays Today
Question Answer Wrong Answers
This US territory, known for its potato crops, is admitted as the 43rd state.
1890
Idaho
86.2%
Oklahoma
4.9%
Utah
3.7%
Minnesota
2.8%
This man takes command of the Continental Army at Cambridge, Massachusetts.
1775
George Washington
82.7%
Andrew Jackson
7.9%
Patrick Henry
4.6%
Henry Knox
4.7%
The Fatih Sultan Mehmet Bridge is completed in this country, providing the second connection between the continents of Europe and Asia over the Bosphorus.
1988
Turkey
74.7%
Russia
6.1%
Ukraine
7.2%
Georgia
6.6%
This Czech-Austrian author, known for his novel, ‘The Metamorphosis’, is born.
1883
Franz Kafka
71.3%
Albert Camus
4.4%
Friedrich Nietzsche
14.6%
Fyodor Dostoyevsky
8.1%
The Constitution of this United States commonwealth is approved by Congress.
1952
Puerto Rico
70.6%
Northern Mariana Islands
2.3%
Guam
15.6%
American Samoa
8.1%
US President Jimmy Carter signs the first directive for secret aid to the opponents of the pro-Soviet regime in this capital city.
1979
Kabul
49.3%
Tehran
37.6%
Baku
4.7%
Ashgabat
3.9%
This man is overthrown as the President of Egypt in a coup d'état after four days of protests all over the country calling for his resignation, to which he didn't respond.
2013
Mohamed Morsi
47.4%
Ahmed Shafik
8.9%
Anwar Sadat
34.2%
Sherif Ismail
4%

You're not logged in!

Compare scores with friends on all Sporcle quizzes.
OR
Log In
Forgot?

From the Vault

Anyone but Harry Potter

by JeluPotter25

This is the only time that Harry Potter is the one who must not be named.
Remove Ads.
Support Sporcle.
Get the best of Sporcle when you Go Orange. This ad-free experience offers more features, more stats, and more fun while also helping to support Sporcle. Thank you for becoming a member.

Show Comments

Extras

Top Quizzes Today


Score Distribution

Your Account Isn't Verified!

In order to create a playlist on Sporcle, you need to verify the email address you used during registration. Go to your Sporcle Settings to finish the process.

Report this User

Report this user for behavior that violates our Community Guidelines.

Details: